<?xml version="1.0" encoding="UTF-8"?>
<record
    xmlns:xsi="http://www.w3.org/2001/XMLSchema-instance"
    xsi:schemaLocation="http://www.loc.gov/MARC21/slim http://www.loc.gov/standards/marcxml/schema/MARC21slim.xsd"
    xmlns="http://www.loc.gov/MARC21/slim">

  <leader>02458nam a2200325 i 4500</leader>
  <controlfield tag="003">DO-SdBNP</controlfield>
  <controlfield tag="005">20250428140958.0</controlfield>
  <controlfield tag="008">250428b2024    dr ||||| |||| 00| 0 spa d</controlfield>
  <datafield tag="020" ind1=" " ind2=" ">
    <subfield code="a">9789945510775</subfield>
  </datafield>
  <datafield tag="040" ind1=" " ind2=" ">
    <subfield code="a">DO-SdBNP</subfield>
    <subfield code="b">spa</subfield>
    <subfield code="c">BNPHU </subfield>
    <subfield code="e">rda</subfield>
  </datafield>
  <datafield tag="041" ind1=" " ind2=" ">
    <subfield code="a">spa</subfield>
  </datafield>
  <datafield tag="082" ind1=" " ind2="4">
    <subfield code="a">0</subfield>
    <subfield code="b">M878m</subfield>
    <subfield code="2">22</subfield>
  </datafield>
  <datafield tag="100" ind1="1" ind2=" ">
    <subfield code="a">Matos Moquete, Manuel,</subfield>
    <subfield code="d">1944-</subfield>
    <subfield code="e">autor</subfield>
    <subfield code="4">aut.</subfield>
    <subfield code="9">6349</subfield>
  </datafield>
  <datafield tag="245" ind1="0" ind2="0">
    <subfield code="a">Mateo Morrison : </subfield>
    <subfield code="b">plenitud de vida y escritura /</subfield>
    <subfield code="c">selecci&#xF3;n y estudio de Manuel Matos Moquete ; revisi&#xF3;n del texto original Jos&#xE9; Mercedes Bratini ; correcci&#xF3;n Mar&#xED;a del Carmen Vicente, Modesto Cuesta y Apolinar Liz Rodr&#xED;guez</subfield>
  </datafield>
  <datafield tag="250" ind1=" " ind2=" ">
    <subfield code="a">Primera edici&#xF3;n</subfield>
  </datafield>
  <datafield tag="264" ind1=" " ind2="4">
    <subfield code="a">Santo Domingo, Rep&#xFA;blica Dominicana :</subfield>
    <subfield code="b">Editora Nacional, </subfield>
    <subfield code="c">&#xA9;2024.</subfield>
  </datafield>
  <datafield tag="300" ind1=" " ind2=" ">
    <subfield code="a">349 p&#xE1;ginas ;</subfield>
    <subfield code="c">23 cm</subfield>
  </datafield>
  <datafield tag="336" ind1=" " ind2=" ">
    <subfield code="a">texto</subfield>
    <subfield code="b">txt</subfield>
    <subfield code="2">rdacontent</subfield>
  </datafield>
  <datafield tag="337" ind1=" " ind2=" ">
    <subfield code="a">sin mediaci&#xF3;n </subfield>
    <subfield code="b">n</subfield>
    <subfield code="2">rdamedia</subfield>
  </datafield>
  <datafield tag="338" ind1=" " ind2=" ">
    <subfield code="a">volumen  </subfield>
    <subfield code="b">nc</subfield>
    <subfield code="2">rdacarrier </subfield>
  </datafield>
  <datafield tag="490" ind1="0" ind2=" ">
    <subfield code="a">Colecci&#xF3;n homenaje</subfield>
  </datafield>
  <datafield tag="500" ind1=" " ind2=" ">
    <subfield code="a">Incluye datos biogr&#xE1;ficos del autor en la solapa de la cubierta.</subfield>
  </datafield>
  <datafield tag="505" ind1=" " ind2=" ">
    <subfield code="a">Pr&#xF3;logo / </subfield>
    <subfield code="r">Mateo Morrison, 13 --</subfield>
    <subfield code="t">Un poeta vigente y constante, 17 --</subfield>
    <subfield code="t">Poes&#xED;a, 65 --</subfield>
    <subfield code="t">Del libro: Aniversario del dolor, 65 --</subfield>
    <subfield code="t">Del libro: Visiones del transe&#xFA;nte, 85 --</subfield>
    <subfield code="t">Del libro: Si la casa se llena de sombras, 97 --</subfield>
    <subfield code="t">Del libro: A prop&#xF3;sito de im&#xE1;genes, 115 --</subfield>
    <subfield code="t">Del libro: Nocturnidad del viento, 123 --</subfield>
    <subfield code="t">Del libro: Soliloquio desnudo, 131 -- </subfield>
    <subfield code="t">Del libro: Dorothy Dandridge, 137 --</subfield>
    <subfield code="t">Del libro: Espasmos en la noche, 143 --</subfield>
    <subfield code="t">Del libro: Est&#xE1;tico en la memoria y otros textos, 157 --</subfield>
    <subfield code="t">Del libro: Pasajero del aire, 167 -- </subfield>
    <subfield code="t">Del libro: Ojos de madre, vientos de guerra, 175 --</subfield>
    <subfield code="t">Del libro: El abrazo de las sombras, 181 --</subfield>
    <subfield code="t">Del libro: Tempestad del silencio, 193 --</subfield>
    <subfield code="t">Del libro: Terreno de Eros. Liquidas formas del gozo, 197 -- </subfield>
    <subfield code="t">Del libro: H&#xED;bridas m&#xE1;scaras, 213 --</subfield>
    <subfield code="t">Narrativa, 225 -- </subfield>
    <subfield code="t">De la novela: Un silencio que camina, 225 --</subfield>
    <subfield code="t">Del libro: Caminar con las palabras, 239 -- </subfield>
    <subfield code="t">Del libro: Poes&#xED;a, filosof&#xED;a y ciencia a trav&#xE9;s de varios textos fundamentales. &#xAB;Espacio&#xBB; de Juan Raman Jim&#xE9;nez: poes&#xED;a y filosof&#xED;a, 255 --</subfield>
    <subfield code="t">Del libro: Juan S&#xE1;nchez Lamouth: como poeta de la negritud, 291 -- </subfield>
    <subfield code="t">Ap&#xE9;ndices, 313 -- </subfield>
    <subfield code="t">Bibliograf&#xED;as activa y pasiva de Mateo Morrison, 341.</subfield>
  </datafield>
  <datafield tag="590" ind1=" " ind2=" ">
    <subfield code="a">Inventariado, 2025 /LP</subfield>
  </datafield>
  <datafield tag="700" ind1="1" ind2=" ">
    <subfield code="a">Vicente, Mar&#xED;a del Carmen,</subfield>
    <subfield code="e">corrector</subfield>
    <subfield code="9">57201</subfield>
  </datafield>
  <datafield tag="700" ind1="1" ind2=" ">
    <subfield code="a">Cuesta, Modesto</subfield>
    <subfield code="e">corrector</subfield>
    <subfield code="4">corr.</subfield>
    <subfield code="9">3209</subfield>
  </datafield>
  <datafield tag="700" ind1="1" ind2=" ">
    <subfield code="a">Liz Rodr&#xED;guez, Apolinar</subfield>
    <subfield code="e">corrector</subfield>
    <subfield code="4">corr.</subfield>
    <subfield code="9">84877</subfield>
  </datafield>
  <datafield tag="910" ind1=" " ind2=" ">
    <subfield code="a">LP</subfield>
  </datafield>
  <datafield tag="942" ind1=" " ind2=" ">
    <subfield code="2">ddc</subfield>
    <subfield code="c">LBS1</subfield>
  </datafield>
  <datafield tag="952" ind1=" " ind2=" ">
    <subfield code="0">0</subfield>
    <subfield code="1">0</subfield>
    <subfield code="2">ddc</subfield>
    <subfield code="5">1</subfield>
    <subfield code="7">0</subfield>
    <subfield code="8">PD</subfield>
    <subfield code="a">BNPHU</subfield>
    <subfield code="b">BNPHU</subfield>
    <subfield code="c">CT</subfield>
    <subfield code="d">2024-11-15</subfield>
    <subfield code="e">Dep&#xF3;sito Legal</subfield>
    <subfield code="l">0</subfield>
    <subfield code="o">0 M878m</subfield>
    <subfield code="p">2025-1397</subfield>
    <subfield code="r">2025-03-04</subfield>
    <subfield code="w">2025-03-04</subfield>
    <subfield code="y">LBS1</subfield>
  </datafield>
  <datafield tag="952" ind1=" " ind2=" ">
    <subfield code="0">0</subfield>
    <subfield code="1">0</subfield>
    <subfield code="2">ddc</subfield>
    <subfield code="5">1</subfield>
    <subfield code="7">0</subfield>
    <subfield code="8">PD</subfield>
    <subfield code="a">BNPHU</subfield>
    <subfield code="b">BNPHU</subfield>
    <subfield code="c">CT</subfield>
    <subfield code="d">2024-11-15</subfield>
    <subfield code="e">Dep&#xF3;sito Legal</subfield>
    <subfield code="l">0</subfield>
    <subfield code="o">0 M878m</subfield>
    <subfield code="p">2025-1398</subfield>
    <subfield code="r">2025-03-04</subfield>
    <subfield code="t">e.2</subfield>
    <subfield code="w">2025-03-04</subfield>
    <subfield code="y">LBS1</subfield>
  </datafield>
  <datafield tag="952" ind1=" " ind2=" ">
    <subfield code="0">0</subfield>
    <subfield code="1">0</subfield>
    <subfield code="2">ddc</subfield>
    <subfield code="5">1</subfield>
    <subfield code="7">0</subfield>
    <subfield code="8">DS</subfield>
    <subfield code="a">BNPHU</subfield>
    <subfield code="b">BNPHU</subfield>
    <subfield code="c">CT</subfield>
    <subfield code="d">2024-11-15</subfield>
    <subfield code="e">Dep&#xF3;sito Legal</subfield>
    <subfield code="l">0</subfield>
    <subfield code="o">0 M878m</subfield>
    <subfield code="p">2025-1399</subfield>
    <subfield code="r">2025-03-04</subfield>
    <subfield code="t">e.3</subfield>
    <subfield code="w">2025-03-04</subfield>
    <subfield code="y">LBS1</subfield>
  </datafield>
  <datafield tag="999" ind1=" " ind2=" ">
    <subfield code="c">58289</subfield>
    <subfield code="d">58289</subfield>
  </datafield>
</record>
